000 00476nam a2200157 i 4500
001 40652
003 ES-MaACL
007 t|
008 030306s1881 it ||||1| ita d
100 1 _aCapellini, Giovanni.
_934832
245 1 0 _aDi Nicola Sterone e dei suoi studii geologici in Italia /
_cdiscorso de Giovanni Capellini.
250 _a3ยช ed.
260 _aFirenze :
_b[s.n.,
_c1881] (
_fTip. Galletti e Cocci)
300 _a16 p. ;
_c21 cm.
852 _aES-MaACL
_jT-912-F-8
999 _c40652
_d40652